[Event "SR 4. liga A21 2014/2015"]
[Site "?"]
[Date "2014.11.23"]
[Round "4.5"]
[White "Spanik, Ondrej"]
[Black "Bango, Dominik"]
[Result "0-1"]
[WhiteElo "1228"]
[BlackElo "1557"]
[PlyCount "114"]
[EventDate "2014.??.??"]

1. e4 e5 2. Nf3 Nc6 3. Bb5 a6 4. Bxc6 dxc6 5. Nc3 Bd6 6. d3 Nf6 7. h3 Be6 8.
O-O h6 9. Be3 Qd7 10. d4 exd4 11. Bxd4 Be7 12. Bxf6 Bxf6 13. Qxd7+ Bxd7 14. e5
Be7 15. a3 O-O-O 16. Rad1 Be6 17. Rxd8+ Rxd8 18. Rd1 Rxd1+ 19. Nxd1 Bf5 20. Ne3
Be6 21. Nd4 Kd7 22. f4 c5 23. Ndf5 Bf8 24. g4 c4 25. Nd4 c6 26. Nxe6 Kxe6 27.
Nxc4 $11 Bc5+ 28. Kg2 Kd5 29. Nd6 Bxd6 30. exd6 Kxd6 31. Kf3 $11 Kd5 32. Ke3 g6
33. b3 b5 34. h4 f6 35. g5 fxg5 36. fxg5 hxg5 37. hxg5 Ke5 38. c4 Kf5 39. cxb5
cxb5 40. Kd4 Kxg5 41. Kc5 Kf4 42. Kb6 g5 43. Kxa6 g4 44. Kxb5 g3 45. b4 g2 46.
a4 g1=Q 47. a5 Qa7 48. Kc6 Qa6+ 49. Kc5 Ke5 50. b5 Qxa5 51. Kc6 Qa8+ 52. Kc7
Qa7+ 53. Kc6 Qb8 54. b6 Ke6 55. Kc5 Kd7 56. Kb5 Kd6 57. Ka6 Kc6 0-1

[Event "SR 4. liga A21 2014/2015"]
[Site "?"]
[Date "2014.11.23"]
[Round "4.5"]
[White "Rau, Vladimir"]
[Black "Spacek, Jan"]
[Result "1-0"]
[WhiteElo "1504"]
[BlackElo "1119"]
[PlyCount "113"]
[EventDate "2014.??.??"]

1. d4 d5 2. c4 Nf6 3. Nc3 dxc4 4. e3 Bg4 5. Qa4+ c6 6. Qxc4 e6 7. Bd3 b5 8. Qb3
Qb6 9. Nge2 Na6 10. O-O Nb4 11. Bc2 Bd6 12. a3 Nxc2 13. Qxc2 Qc7 14. h3 Bf5 15.
e4 Bg6 16. Be3 Nd5 17. Nxd5 exd5 18. Ng3 Bxg3 19. fxg3 Bxe4 20. Qc5 O-O-O 21.
Rac1 Rd6 22. Bf4 Rhd8 23. Rc3 a5 24. Bxd6 Rxd6 25. Rfc1 Kd7 26. Qxb5 cxb5 27.
Rxc7+ Ke6 28. R7c6 f5 29. Rxd6+ Kxd6 30. Rc5 Bd3 31. Kf2 Ke6 32. g4 Bc4 33. Kf3
g5 34. Rc7 Bd3 35. gxf5+ Bxf5 36. Ke3 Be4 37. g3 Kf5 38. Rxh7 Ke6 39. Rb7 b4
40. axb4 axb4 41. Rxb4 Kf5 42. Rb8 Kf6 43. b4 Bf5 44. h4 gxh4 45. gxh4 Kg6 46.
Kf4 Bd7 47. Ke5 Bc6 48. Rb6 Kh5 49. Rxc6 Kxh4 50. b5 Kg3 51. Rf6 Kg2 52. b6 Kg3
53. b7 Kg4 54. b8=Q Kg5 55. Qg8+ Kh5 56. Kf5 Kh4 57. Qg4# 1-0

[Event "SR 4. liga A21 2014/2015"]
[Site "?"]
[Date "2014.11.23"]
[Round "4.6"]
[White "Lanik, Miroslav"]
[Black "Ocko, Martin"]
[Result "1/2-1/2"]
[WhiteElo "1895"]
[BlackElo "1857"]
[PlyCount "45"]
[EventDate "2014.??.??"]

1. e4 e5 2. Nf3 Nc6 3. Bb5 Nf6 4. d3 Bc5 5. c3 d6 6. h3 h6 7. O-O O-O 8. Qe2
Qe7 9. Re1 a6 10. Ba4 Ba7 11. Nbd2 Nh5 12. Nf1 Qf6 13. Kh1 Nf4 14. Bxf4 exf4
15. d4 Bd7 16. Bc2 g5 17. e5 dxe5 18. Nxe5 Nxe5 19. Qxe5 Qxe5 20. Rxe5 Rae8 21.
Rae1 Rxe5 22. Rxe5 Re8 23. Rxe8+ 1/2-1/2

[Event "SR 4. liga A21 2014/2015"]
[Site "?"]
[Date "2014.11.23"]
[Round "4.6"]
[White "Diviak, Rudolf"]
[Black "Palka, Miroslav"]
[Result "1/2-1/2"]
[WhiteElo "1836"]
[BlackElo "1912"]
[PlyCount "87"]
[EventDate "2014.??.??"]

1. e4 c5 2. Bc4 d6 3. c3 Nf6 4. Qe2 Nc6 5. Bb3 g6 6. Nf3 Bg4 7. d3 Bg7 8. O-O
Ne5 9. Nbd2 O-O 10. Qe3 Qc7 11. h3 Bd7 12. d4 cxd4 13. cxd4 Nc6 14. Qc3 Rfc8
15. e5 Ne8 16. Ng5 e6 17. Qf3 Nd8 18. d5 Bxe5 19. Nxf7 Nxf7 20. dxe6 Bxe6 21.
Bxe6 Rcb8 22. Nc4 Kg7 23. Bxf7 Qxf7 24. Bh6+ Kg8 25. Qxf7+ Kxf7 26. Nxe5+ dxe5
27. Rae1 Rc8 28. f4 Rc2 29. Rxe5 Nd6 30. g4 Re8 31. Rxe8 Nxe8 32. Rf2 Rc7 33.
f5 gxf5 34. Rxf5+ Kg6 35. Bf4 Rd7 36. Be5 a6 37. h4 h6 38. Rf8 Re7 39. Bc3 Re4
40. Kf2 Re6 41. Kg3 h5 42. g5 Nd6 43. Kf3 Nf5 44. Rh8 1/2-1/2

[Event "SR 4. liga A21 2014/2015"]
[Site "?"]
[Date "2014.11.23"]
[Round "4.6"]
[White "Tokos, Rastislav"]
[Black "Buran, Andrej"]
[Result "0-1"]
[WhiteElo "1827"]
[BlackElo "1586"]
[PlyCount "108"]
[EventDate "2014.??.??"]

1. e4 e5 2. Nf3 Nc6 3. Bb5 Bc5 4. Nc3 d6 5. d3 Bd7 6. Bg5 f6 7. Bh4 Bb4 8. O-O
Bxc3 9. bxc3 g5 10. Nxg5 fxg5 11. Qh5+ Kf8 12. Bxg5 Qe8 13. Qh4 h6 14. f4 Kg7
15. f5 hxg5 16. Qxg5+ Kf8 17. Bc4 Qh5 18. Qg3 Nf6 19. h3 Be8 20. Rab1 Na5 21.
Be6 Bf7 22. Rb5 b6 23. Rxa5 bxa5 24. Rb1 Rg8 25. Qe3 Qg5 26. Qf2 Qg3 27. Rb7
Qxf2+ 28. Kxf2 Bxe6 29. fxe6 Ke7 30. Rxc7+ Kxe6 31. c4 Nh5 32. h4 Raf8+ 33. Ke3
Rg3+ 34. Kd2 Rxg2+ 35. Kc3 Rff2 36. Rh7 Rxc2+ 37. Kb3 Rb2+ 38. Ka4 Rxa2+ 39.
Kb5 Rgb2+ 40. Ka6 Nf6 41. Rh6 Ke7 42. h5 Nd7 43. Rh7+ Kd8 44. h6 Nc5+ 45. Kxa7
Rb7+ 46. Rxb7 Nxb7 47. h7 Rh2 48. d4 Rxh7 49. c5 Nxc5+ 50. Kb8 Rb7+ 51. Ka8
exd4 52. e5 Kc8 53. e6 Na6 54. e7 Nc7# 0-1

[Event "SR 4. liga A21 2014/2015"]
[Site "?"]
[Date "2014.11.23"]
[Round "4.6"]
[White "Ulehla, Jakub"]
[Black "Fidericky, Milan"]
[Result "0-1"]
[WhiteElo "1479"]
[BlackElo "1772"]
[PlyCount "62"]
[EventDate "2014.??.??"]

1. e4 c5 2. Nf3 Nc6 3. d4 cxd4 4. Nxd4 Qb6 5. Nxc6 dxc6 6. Be2 Nf6 7. Nc3 e5 8.
O-O Be6 9. Qd3 Be7 10. Qg3 O-O-O 11. a4 Qa5 12. b3 g5 13. Ba3 Bxa3 14. Rxa3 Qb4
15. Raa1 Nxe4 16. Nxe4 Qxe4 17. Bd3 Qf4 18. Rae1 f6 19. Re3 Bd5 20. Qh3+ g4 21.
Qh5 Rdf8 22. c4 Be6 23. Rg3 e4 24. Bc2 f5 25. Rd1 Rd8 26. Re1 Qd2 27. Rge3 Qxc2
28. Qh6 Bf7 29. Qf6 Bg6 30. g3 Rhe8 31. Kg2 Rd2 0-1

[Event "SR 4. liga A21 2014/2015"]
[Site "?"]
[Date "2014.11.23"]
[Round "4.6"]
[White "Dest, Stanislav"]
[Black "Trojkova, Michaela"]
[Result "0-1"]
[WhiteElo "1429"]
[BlackElo "1461"]
[PlyCount "86"]
[EventDate "2014.??.??"]

1. d4 d5 2. Nf3 Nf6 3. c4 e6 4. Nc3 Nc6 5. a3 Be7 6. e3 O-O 7. Bd3 dxc4 8. Bxc4
Na5 9. Bd3 Nd5 10. Bd2 Nc6 11. Qc2 h6 12. Rc1 a6 13. O-O Bd7 14. Rfd1 Bd6 15.
Ne4 f5 16. Nxd6 cxd6 17. e4 fxe4 18. Bxe4 Rc8 19. Qb3 Qf6 20. Bxd5 exd5 21.
Qxd5+ Kh8 22. Be1 Bg4 23. Rc3 Rc7 24. Rdc1 Ne7 25. Qe4 Rxc3 26. Rxc3 Bc8 27.
Nd2 Nc6 28. Rf3 Bf5 29. Qe3 Nxd4 30. Rf4 Ne6 31. Rb4 b5 32. Nf3 Qf7 33. Bc3 Nc5
34. Qxh6+ Kg8 35. Qxd6 Ne4 36. Qd4 Nxc3 37. Qxc3 Be6 38. Qe3 Bd5 39. Rh4 Qf5
40. h3 Bxf3 41. Qxf3 Qb1+ 42. Kh2 Rxf3 43. gxf3 Qxb2 0-1

[Event "SR 4. liga A21 2014/2015"]
[Site "?"]
[Date "2014.12.07"]
[Round "5.1"]
[White "Diviak, Rudolf"]
[Black "Nemeckay, Rastislav"]
[Result "0-1"]
[WhiteElo "1836"]
[BlackElo "1985"]
[PlyCount "138"]
[EventDate "2014.??.??"]

1. e4 e5 2. Nf3 Nc6 3. Bc4 Be7 4. O-O Nf6 5. Re1 O-O 6. c3 d6 7. Bb3 Bg4 8. d3
Na5 9. Bc2 c5 10. Nbd2 Nc6 11. Nf1 b5 12. h3 Bd7 13. Ng3 b4 14. Bg5 Ne8 15.
Bxe7 Qxe7 16. Nf5 Qd8 17. Qd2 g6 18. Nh6+ Kg7 19. Ng5 f6 20. Nf3 Qc8 21. h4 Nc7
22. d4 bxc3 23. bxc3 Ne7 24. Bb3 Be6 25. d5 Bd7 26. Bd1 Rb8 27. h5 Qe8 28. Nh4
g5 29. N4f5+ Nxf5 30. Nxf5+ Bxf5 31. exf5 Qd7 32. Bf3 Rb6 33. Qc2 Rfb8 34. Rab1
Qc8 35. Be4 Qa6 36. g3 h6 37. f4 Qa3 38. fxe5 dxe5 39. d6 Nb5 40. Rb3 Qa5 41.
d7 Rd8 42. Rd1 Nd6 43. Rxb6 Qxb6 44. Rb1 Qc7 45. Bd5 Rxd7 46. Be6 Rd8 47. Qa4
Kf8 48. Rd1 Ke7 49. Qa6 Qb6 50. Qxb6 axb6 51. Rb1 Rb8 52. Kg2 Kd8 53. Kf3 Kc7
54. Bd5 Nxf5 55. g4 Nd6 56. Rb3 b5 57. Rb2 Re8 58. a4 Rb8 59. a5 b4 60. cxb4
Rxb4 61. Rc2 c4 62. Ra2 Nb5 63. a6 Kb6 64. Bb7 Nd4+ 65. Ke4 Ka7 66. Bc8 c3 67.
Kd3 c2 68. Rxc2 Nxc2 69. Kxc2 Rc4+ 0-1

[Event "SR 4. liga A21 2014/2015"]
[Site "?"]
[Date "2014.12.07"]
[Round "5.1"]
[White "Pipiska, Adam"]
[Black "Buran, Andrej"]
[Result "1/2-1/2"]
[WhiteElo "1772"]
[BlackElo "1586"]
[PlyCount "37"]
[EventDate "2014.??.??"]

1. e4 e5 2. Nf3 Nc6 3. d4 exd4 4. Bc4 Bb4+ 5. Bd2 Bxd2+ 6. Qxd2 Nge7 7. O-O O-O
8. Nxd4 Nxd4 9. Qxd4 Nc6 10. Qd2 d6 11. Nc3 Be6 12. Bd3 Ne5 13. f4 Nxd3 14.
cxd3 f5 15. Rac1 c6 16. b3 Qb6+ 17. Kh1 Rf7 18. g4 fxe4 19. dxe4 1/2-1/2

[Event "SR 4. liga A21 2014/2015"]
[Site "?"]
[Date "2014.12.07"]
[Round "5.1"]
[White "Ulehla, Jakub"]
[Black "Celustkova, Lubica"]
[Result "1-0"]
[WhiteElo "1479"]
[BlackElo "1614"]
[PlyCount "73"]
[EventDate "2014.??.??"]

1. e4 e5 2. Nf3 Nc6 3. Bb5 a6 4. Ba4 Nf6 5. O-O Be7 6. Re1 b5 7. Bb3 d6 8. c3
O-O 9. h3 Na5 10. Bc2 c5 11. d4 Qc7 12. Nbd2 Bd7 13. Nf1 Nc4 14. Ng3 b4 15. b3
Nb6 16. dxe5 dxe5 17. c4 a5 18. Bb2 Bd6 19. Qd3 Rad8 20. Red1 Bc6 21. Qe3 Rfe8
22. Nf5 Bf8 23. Rxd8 Rxd8 24. Bxe5 Qb7 25. Bxf6 gxf6 26. g4 Re8 27. Rd1 Qc8 28.
g5 Qe6 29. gxf6 Qxf6 30. Kh2 Kh8 31. e5 Qd8 32. Ng5 Qc7 33. Nxh7 Nd7 34. Nxf8
Qxe5+ 35. Qxe5+ Nxe5 36. Kg3 Kg8 37. Nh7 1-0

[Event "SR 4. liga A21 2014/2015"]
[Site "?"]
[Date "2014.12.07"]
[Round "5.1"]
[White "Klimes, Karel"]
[Black "Trojkova, Michaela"]
[Result "1-0"]
[WhiteElo "1688"]
[BlackElo "1461"]
[PlyCount "55"]
[EventDate "2014.??.??"]

1. e4 c5 2. Nf3 Nc6 3. Bc4 g6 4. c3 Nf6 5. e5 Ng4 6. d4 cxd4 7. cxd4 d6 8. h3
Nh6 9. O-O Bg7 10. Bf4 dxe5 11. Nxe5 Nxe5 12. Bxe5 Bxe5 13. dxe5 Qxd1 14. Rxd1
O-O 15. Nc3 Bf5 16. g4 Bc8 17. Rd3 Kg7 18. Rad1 f5 19. exf6+ Rxf6 20. g5 Rf4
21. gxh6+ Kxh6 22. Rd4 Rf3 23. Rh4+ Kg7 24. Rd8 h5 25. Re4 Rxh3 26. Rxe7+ Kf6
27. Rf7+ Kg5 28. Rff8 1-0

[Event "SR 4. liga A21 2014/2015"]
[Site "?"]
[Date "2014.12.07"]
[Round "5.1"]
[White "Hrdlicka, Martin"]
[Black "Wallner, Juraj"]
[Result "1/2-1/2"]
[WhiteElo "1232"]
[BlackElo "1606"]
[PlyCount "49"]
[EventDate "2014.??.??"]

1. e4 c5 2. Nf3 e6 3. d4 d5 4. exd5 exd5 5. Be2 Nf6 6. O-O Nc6 7. Re1 cxd4 8.
Nxd4 Be7 9. Nc3 O-O 10. Bg5 Be6 11. Qd2 Ne4 12. Nxe6 fxe6 13. Nxe4 dxe4 14.
Qxd8 Bxd8 15. Bxd8 Raxd8 16. Bc4 Nd4 17. Rxe4 Nxc2 18. Bxe6+ Kh8 19. Rc1 Rd2
20. f3 Nd4 21. Rce1 Nxe6 22. Rxe6 Rxb2 23. R1e2 Rxe2 24. Rxe2 h6 25. Re7
1/2-1/2

[Event "SR 4. liga A21 2014/2015"]
[Site "?"]
[Date "2014.12.07"]
[Round "5.2"]
[White "Jarabek, Milan"]
[Black "Lanik, Miroslav"]
[Result "1/2-1/2"]
[WhiteElo "1690"]
[BlackElo "1895"]
[PlyCount "23"]
[EventDate "2014.??.??"]

1. Nf3 Nf6 2. g3 e6 3. Bg2 d5 4. O-O Be7 5. b3 O-O 6. Bb2 Nbd7 7. d3 c6 8. c4
b6 9. Nbd2 Bb7 10. Rc1 c5 11. Ne5 Nxe5 12. Bxe5 1/2-1/2

[Event "SR 4. liga A21 2014/2015"]
[Site "?"]
[Date "2014.12.07"]
[Round "5.2"]
[White "Kubik, Peter"]
[Black "Zlamal, Marek"]
[Result "0-1"]
[WhiteElo "1854"]
[BlackElo "1671"]
[PlyCount "92"]
[EventDate "2014.??.??"]

1. e4 e5 2. Nf3 Nc6 3. Nc3 d6 4. d4 Bg4 5. Be2 Bxf3 6. Bxf3 Nxd4 7. Be3 Nxf3+
8. Qxf3 Nf6 9. O-O-O Qd7 10. h3 h5 11. Qe2 a6 12. f4 Qe6 13. f5 Qd7 14. g4 h4
15. Bg5 Be7 16. Qe1 Ng8 17. Be3 g5 18. Qd2 f6 19. Nd5 Bf8 20. Qc3 Rc8 21. Rd3
Kf7 22. Qb3 Qb5 23. Qa3 Qc4 24. Nc3 d5 25. Qa4 Qxa4 26. Nxa4 d4 27. Bxd4 exd4
28. Rxd4 Bd6 29. c4 Rd8 30. Kc2 Ne7 31. Rhd1 Nc6 32. R4d2 Rhe8 33. Nc3 Re5 34.
a3 Rde8 35. b4 b6 36. Kb3 a5 37. b5 Nb8 38. Kb2 Nd7 39. Nd5 Nc5 40. Nxb6 Nxe4
41. Rd4 cxb6 42. Rxd6 Nxd6 43. Rxd6 Re2+ 44. Kb3 R8e3+ 45. Ka4 Ra2 46. Rxb6
Raxa3# 0-1

[Event "SR 4. liga A21 2014/2015"]
[Site "?"]
[Date "2014.12.07"]
[Round "5.2"]
[White "Antalek, Rudolf"]
[Black "Huska, Branislav"]
[Result "0-1"]
[WhiteElo "1532"]
[BlackElo "1689"]
[PlyCount "46"]
[EventDate "2014.??.??"]

1. e4 c5 2. Nf3 d6 3. d4 cxd4 4. Nxd4 Nf6 5. Nc3 a6 6. Bg5 e6 7. f4 Be7 8. Bd3
Qc7 9. Qf3 Nbd7 10. g4 b5 11. O-O-O b4 12. Nce2 Bb7 13. Bxf6 Bxf6 14. g5 Be7
15. Ng3 Nc5 16. h4 O-O 17. h5 Rfc8 18. Rhf1 Na4 19. Nge2 Nc3 20. bxc3 bxc3 21.
Nb3 Qc6 22. Nxc3 Qxc3 23. Be2 Qxc2# 0-1

[Event "SR 4. liga A21 2014/2015"]
[Site "?"]
[Date "2014.12.07"]
[Round "5.2"]
[White "Barcaj, Jaroslav"]
[Black "Harasta, Marian"]
[Result "1-0"]
[WhiteElo "1600"]
[BlackElo "1600"]
[PlyCount "31"]
[EventDate "2014.??.??"]

1. e4 c5 2. Nf3 d5 3. exd5 Qxd5 4. Nc3 Qe6+ 5. Be2 Nf6 6. O-O Nc6 7. Re1 Nd4 8.
Bb5+ Nxb5 9. Rxe6 Nxc3 10. Rxe7+ Bxe7 11. dxc3 Bg4 12. Qe2 Bxf3 13. Qxf3 Rd8
14. Bg5 h6 15. Bxf6 Bxf6 16. Re1+ 1-0

[Event "SR 4. liga A21 2014/2015"]
[Site "?"]
[Date "2014.12.07"]
[Round "5.2"]
[White "Drabek, Martin"]
[Black "Bendzela, Tibor"]
[Result "0-1"]
[WhiteElo "1456"]
[BlackElo "1515"]
[PlyCount "110"]
[EventDate "2014.??.??"]

1. e4 d5 2. exd5 Qxd5 3. Nc3 Qa5 4. Bc4 Nf6 5. Nf3 Bf5 6. d3 c6 7. Ng5 e6 8. a3
Bd6 9. Bd2 Qc7 10. h3 Nbd7 11. Qe2 O-O 12. O-O-O b5 13. Bb3 a5 14. Nce4 Be7 15.
g4 Bg6 16. h4 Nd5 17. h5 Bxe4 18. Qxe4 N5f6 19. Qf3 Ne5 20. Qe2 Nexg4 21. Bxe6
fxe6 22. Nxe6 Qa7 23. Nxf8 Bxf8 24. Rdf1 Re8 25. Qf3 b4 26. a4 Qc5 27. b3 Qd4
28. Kb1 Qc5 29. Qf4 Re2 30. f3 Bd6 31. Qc4+ Qxc4 32. dxc4 Nh2 33. Rd1 Nxf3 34.
Bc1 Ne4 35. Bb2 Nfd2+ 36. Ka1 Nc3 37. Rde1 Rf2 38. Re8+ Kf7 39. Rd8 Ke7 40. Ra8
Nde4 41. Re1 Kf6 42. Rd8 Ke7 43. Ra8 g5 44. Bxc3 bxc3 45. Rxe4+ Kf7 46. Re1 g4
47. Rxa5 g3 48. Rg5 Kf6 49. Rg4 Rxc2 50. Rf1+ Rf2 51. Rc1 Be5 52. Kb1 g2 53.
Rg8 Rb2+ 54. Ka1 Bd4 55. Rf1+ gxf1=Q# 0-1

[Event "SR 4. liga A21 2014/2015"]
[Site "?"]
[Date "2014.12.07"]
[Round "5.3"]
[White "Hirmajer, Jan"]
[Black "Mackovic, Matus"]
[Result "0-1"]
[WhiteElo "1966"]
[BlackElo "1949"]
[PlyCount "102"]
[EventDate "2014.??.??"]

1. c4 Nf6 2. Nc3 g6 3. g3 Bg7 4. Bg2 O-O 5. d4 d6 6. Qb3 Nc6 7. Nf3 a6 8. O-O
Rb8 9. Qc2 Na5 10. b3 c5 11. dxc5 dxc5 12. Bf4 Ra8 13. Na4 Bf5 14. Qd2 Nd7 15.
Rad1 e5 16. Bh6 Qc7 17. Bxg7 Kxg7 18. Qd6 Rac8 19. Ng5 Nf6 20. Nb6 Qxd6 21.
Rxd6 Rc7 22. Rxf6 Kxf6 23. Nxh7+ Kg7 24. Nxf8 Kxf8 25. Rd1 Nc6 26. Rd5 Nb4 27.
Rd2 e4 28. h3 Rc6 29. Nd5 Rd6 30. g4 e3 31. fxe3 Bb1 32. a3 Nc2 33. Kf2 Nxa3
34. Rb2 g5 35. e4 Re6 36. Ke3 b5 37. Nc3 Bc2 38. cxb5 axb5 39. Nxb5 Bxe4 40.
Nc7 Nc2+ 41. Kf2 Rf6+ 42. Kg1 Bxg2 43. Kxg2 Ne3+ 44. Kg3 Nf1+ 45. Kg2 Ne3+ 46.
Kh2 Rb6 47. Kg3 c4 48. b4 c3 49. Rb1 c2 50. Rc1 Rxb4 51. Kf3 Rb1 0-1

[Event "SR 4. liga A21 2014/2015"]
[Site "?"]
[Date "2014.12.07"]
[Round "5.3"]
[White "Mackovic, Miroslav"]
[Black "Lajda, Dusan"]
[Result "1-0"]
[WhiteElo "1846"]
[BlackElo "1853"]
[PlyCount "75"]
[EventDate "2014.??.??"]

1. e4 c5 2. Nf3 d6 3. d4 cxd4 4. Nxd4 Nf6 5. Nc3 a6 6. Be2 e6 7. Be3 Be7 8. O-O
Nc6 9. f4 Qc7 10. g4 O-O 11. g5 Ne8 12. h4 b5 13. Nxc6 Qxc6 14. a3 Bb7 15. Bf3
Rc8 16. f5 Qc7 17. Bg4 Qc4 18. fxe6 f6 19. Rf4 Qc7 20. Rc1 Rb8 21. Nd5 Bxd5 22.
exd5 Qd8 23. Qf1 Nc7 24. Rd1 Rb7 25. Bh3 Ne8 26. Qf2 Qc8 27. Bf1 Nc7 28. Bg2
Rb8 29. Be4 Qb7 30. Qg3 fxg5 31. hxg5 Rxf4 32. Qxf4 Rf8 33. Qg4 g6 34. Qh3 Qc8
35. Rd2 h5 36. Bxg6 Kg7 37. Qxh5 Rh8 38. Bd4+ 1-0

[Event "SR 4. liga A21 2014/2015"]
[Site "?"]
[Date "2014.12.07"]
[Round "5.3"]
[White "Bjel, Jan"]
[Black "Lezovic, Maros"]
[Result "1/2-1/2"]
[WhiteElo "1823"]
[BlackElo "1792"]
[PlyCount "92"]
[EventDate "2014.??.??"]

1. d4 d5 2. c4 c6 3. cxd5 cxd5 4. Nc3 Nf6 5. Bg5 Nbd7 6. e3 a6 7. Nf3 e6 8. a3
Be7 9. Bd3 O-O 10. O-O Nh5 11. Bxe7 Qxe7 12. Nd2 g6 13. Rc1 b5 14. a4 b4 15.
Ne2 Bb7 16. Rc7 Rab8 17. Qc2 Rfc8 18. Rc1 Qd6 19. Nb3 Nhf6 20. Na5 Ne8 21. Rxc8
Rxc8 22. Nxb7 Rxc2 23. Nxd6 Rxc1+ 24. Nxc1 Nxd6 25. Bxa6 Nc4 26. b3 Na5 27. Kf1
Kf8 28. Ke2 Ke7 29. Kd2 Kd6 30. Kc2 e5 31. Bb5 exd4 32. exd4 Nb8 33. Na2 Nbc6
34. Bxc6 Nxc6 35. Kd3 h6 36. Nc1 Na5 37. Ke3 f5 38. g3 g5 39. f4 g4 40. Nd3 Nc6
41. Nc1 h5 $11 42. Nd3 Ke6 43. Ne5 Na5 44. Kd3 Kd6 45. Ke3 Ke6 46. Nd3 Nc6
1/2-1/2

[Event "SR 4. liga A21 2014/2015"]
[Site "?"]
[Date "2014.12.07"]
[Round "5.3"]
[White "Kozinka, Jan"]
[Black "Krchnak, Rudolf"]
[Result "1-0"]
[WhiteElo "1791"]
[BlackElo "1796"]
[PlyCount "115"]
[EventDate "2014.??.??"]

1. e4 c5 2. Nf3 d6 3. d4 cxd4 4. Nxd4 Nf6 5. Nc3 a6 6. Bg5 e6 7. Bd3 Be7 8. O-O
Qc7 9. Re1 Nbd7 10. Kh1 b5 11. a3 Bb7 12. f4 Nc5 13. e5 dxe5 14. fxe5 Nxd3 15.
cxd3 Nd5 16. Bxe7 Qxe7 17. Ne4 O-O 18. Qg4 f5 19. exf6 Nxf6 20. Qxe6+ Qxe6 21.
Nxe6 Rf7 22. Nd6 Rd7 23. Nxb7 Rxb7 24. Rad1 Kf7 25. h3 h6 26. Kg1 Rb6 27. Nc5
a5 28. Re5 Re8 29. Rxe8 Nxe8 30. Kf2 b4 31. a4 Rf6+ 32. Ke3 Nc7 33. Rd2 Ke7 34.
d4 Rb6 35. Ke4 Ne8 36. Kd3 Nd6 37. Re2+ Kf7 38. Nd7 Rb7 39. Ne5+ Kf6 40. Nc4
Nxc4 41. Kxc4 Rc7+ 42. Kd5 b3 43. Re6+ Kf7 44. Rb6 Rc2 45. Rxb3 Rxg2 46. Kd6 g5
47. d5 Rd2 48. Kc6 Rd4 49. d6 Rc4+ 50. Kd7 Rxa4 51. Rc3 Rb4 52. Kc7 Rxb2 53. d7
Rd2 54. d8=Q Rxd8 55. Kxd8 h5 56. Ra3 Kg6 57. Rxa5 g4 58. h4 1-0

[Event "SR 4. liga A21 2014/2015"]
[Site "?"]
[Date "2014.12.07"]
[Round "5.3"]
[White "Kosiarcik, Maximilian"]
[Black "Bango, Dominik"]
[Result "1-0"]
[WhiteElo "1437"]
[BlackElo "1557"]
[PlyCount "43"]
[EventDate "2014.??.??"]

1. e4 e5 2. Nf3 Nc6 3. Bc4 Nf6 4. Ng5 d5 5. exd5 Nxd5 6. Nxf7 Kxf7 7. Qf3+ Ke6
8. Nc3 Nce7 9. O-O c6 10. d4 Ng6 11. Re1 b5 12. Bb3 Bb7 13. Qg4+ Kd6 14. Rd1
Qh4 15. dxe5+ Kxe5 16. Qd7 Kf6 17. Nxd5+ cxd5 18. Qxb7 Bd6 19. g3 Qe4 20. Bxd5
Qxc2 21. Qf7+ Ke5 22. Qe6# 1-0

[Event "SR 4. liga A21 2014/2015"]
[Site "?"]
[Date "2014.12.07"]
[Round "5.5"]
[White "Curidlo, Jan"]
[Black "Hudacek, Josef"]
[Result "1/2-1/2"]
[WhiteElo "1889"]
[BlackElo "2037"]
[PlyCount "137"]
[EventDate "2014.??.??"]

1. e4 e5 2. Nf3 Nc6 3. Bb5 a6 4. Ba4 Nf6 5. d3 d6 6. h3 Be7 7. c3 O-O 8. O-O b5
9. Bc2 Na5 10. b4 Nb7 11. Be3 a5 12. d4 axb4 13. cxb4 Nd7 14. Nc3 c6 15. a4
bxa4 16. Bxa4 Nb8 17. Qb3 Be6 18. d5 cxd5 19. Nxd5 Kh8 20. Qd3 Nd7 21. Bc6 Bxd5
22. Rxa8 Qxa8 23. Qxd5 Nf6 24. Bxb7 Nxd5 25. Bxa8 Nxe3 26. Ra1 Nc2 27. Ra7 Nxb4
28. Rxe7 Rxa8 29. Rxf7 h6 30. Nh4 d5 31. Rb7 Ra4 32. exd5 Nxd5 33. Ng6+ Kh7 34.
Nxe5 Nf4 35. Rf7 Re4 36. Ng4 Kg6 37. Rf8 Ne6 38. Rb8 Re1+ 39. Kh2 Re2 40. Rb6
Kf7 41. Rb3 Nd4 42. Rd3 Nf5 43. Rf3 Kg6 44. Ne3 Nd6 45. g4 Ne4 46. Kg2 Ng5 47.
Rf8 Ra2 48. h4 Ne6 49. Rf5 Nd4 50. h5+ Kh7 51. Rd5 Ne6 52. Kg3 Ra7 53. f4 Rf7
54. Nf5 Nf8 55. Nh4 Rd7 56. Rxd7 Nxd7 57. f5 Nf6 58. Ng6 Kg8 59. Ne5 Kf8 60.
Kh4 Ne4 61. Nf3 Nd6 62. Nd4 Ne4 63. Ne6+ Kf7 64. g5 Nd6 65. Kg4 hxg5 66. Kxg5
Ne4+ 67. Kf4 Nf6 68. Kg5 Ne4+ 69. Kf4 1/2-1/2

[Event "SR 4. liga A21 2014/2015"]
[Site "?"]
[Date "2014.12.07"]
[Round "5.5"]
[White "Vepy, Ivan"]
[Black "Slaby, Jozef"]
[Result "1/2-1/2"]
[WhiteElo "1923"]
[BlackElo "1879"]
[PlyCount "84"]
[EventDate "2014.??.??"]

1. e4 Nf6 2. Nc3 d5 3. e5 d4 4. exf6 dxc3 5. fxg7 cxd2+ 6. Qxd2 Qxd2+ 7. Bxd2
Bxg7 8. O-O-O Bf5 9. f3 h5 10. Ne2 h4 11. Nc3 c6 12. Be2 Nd7 13. g4 hxg3 14.
hxg3 O-O-O 15. g4 Bg6 16. f4 e6 17. Be3 Nb6 18. Rxd8+ Rxd8 19. Bf3 Rh8 20.
Rxh8+ Bxh8 21. Bxb6 axb6 22. Kd2 f5 23. b3 e5 24. fxe5 Bxe5 25. Nd1 fxg4 26.
Bxg4+ Kc7 27. Nf2 b5 28. Bf3 b6 29. Nd3 Bd6 30. Ke3 b4 31. Be4 Bf7 32. Nf4 c5
33. Nd5+ Bxd5 34. Bxd5 Bh2 35. Kd3 Bg3 36. Kc4 Bf2 37. c3 bxc3 38. Kxc3 b5 39.
a4 bxa4 40. bxa4 Kb6 41. Kc4 Be3 42. Bf7 Bf2 1/2-1/2

[Event "SR 4. liga A21 2014/2015"]
[Site "?"]
[Date "2014.12.07"]
[Round "5.5"]
[White "Sedlak, Rastislav"]
[Black "Vogl, Zdenek"]
[Result "0-1"]
[WhiteElo "1754"]
[BlackElo "1909"]
[PlyCount "90"]
[EventDate "2014.??.??"]

1. e4 e5 2. Nf3 Nc6 3. Bc4 Be7 4. O-O Nf6 5. Nc3 O-O 6. a3 d6 7. h3 Be6 8. Bxe6
fxe6 9. d4 exd4 10. Nxd4 Nxd4 11. Qxd4 Nh5 12. Qc4 Qd7 13. Be3 c6 14. Rad1 Nf4
15. Ne2 b5 16. Qb3 Nxe2+ 17. Kh1 Nf4 18. Bxf4 Rxf4 19. f3 Raf8 20. c4 a6 21. g3
R4f7 22. f4 Kh8 23. Kg2 d5 24. cxd5 exd5 25. exd5 cxd5 26. Qxd5 Qxd5+ 27. Rxd5
Bf6 28. b3 Rc7 29. Rd6 Rc2+ 30. Rf2 Rxf2+ 31. Kxf2 a5 32. Ra6 Bc3 33. Kf3 h6
34. Ke4 Rd8 35. g4 Kh7 36. f5 Rd1 37. a4 bxa4 38. bxa4 Rd4+ 39. Kf3 Rxa4 40. h4
Bf6 41. h5 Ra1 42. Ke2 a4 43. Ra8 a3 44. Ra4 a2 45. Kd2 Rg1 0-1

[Event "SR 4. liga A21 2014/2015"]
[Site "?"]
[Date "2014.12.07"]
[Round "5.5"]
[White "Hrubsa, Marian"]
[Black "Nedorost, Lubomir"]
[Result "0-1"]
[WhiteElo "1826"]
[BlackElo "1707"]
[PlyCount "70"]
[EventDate "2014.??.??"]

1. e4 c5 2. Nf3 d6 3. d4 cxd4 4. Nxd4 Nf6 5. Nc3 g6 6. Be2 Bg7 7. Be3 O-O 8.
O-O Nc6 9. Qd2 Ng4 10. Bxg4 Bxg4 11. f4 e5 12. Ndb5 exf4 13. Bxf4 a6 14. Nxd6
Qb6+ 15. Be3 Qxb2 16. Nd5 b5 17. Nc7 Rad8 18. Qd5 Ne7 19. Qg5 Rxd6 20. Qxg4 Qc3
21. Rae1 Qxc7 22. Qg3 Rc6 23. Bf4 Qb6+ 24. Be3 Qb7 25. Re2 Rc3 26. Qf4 Nc6 27.
Rd2 Nb4 28. Rfd1 Nxc2 29. Bf2 Rc4 30. Rd8 Rc8 31. R8d7 Qb8 32. Qd2 Na3 33. Bg3
Qa8 34. Qd3 Nc4 35. Bc7 Nb2 0-1

[Event "SR 4. liga A21 2014/2015"]
[Site "?"]
[Date "2014.12.07"]
[Round "5.5"]
[White "Slaba, Andrea"]
[Black "Danihel, Jozef"]
[Result "0-1"]
[WhiteElo "1467"]
[BlackElo "1574"]
[PlyCount "72"]
[EventDate "2014.??.??"]

1. d4 d5 2. c4 Nf6 3. e3 e6 4. Nc3 a6 5. a4 Bb4 6. Bd2 O-O 7. Nf3 Nbd7 8. cxd5
exd5 9. Bd3 Re8 10. Qb3 Bxc3 11. Bxc3 c5 12. Qc2 c4 13. Be2 Ne4 14. O-O Ndf6
15. Nd2 Bf5 16. Nxe4 Bxe4 17. Qd2 Qc7 18. h3 Re6 19. Rfc1 h6 20. Qd1 Nh7 21. b3
Rg6 22. f3 Qg3 23. Qf1 Bd3 24. Bxd3 cxd3 25. Kh1 Rc6 26. Qxd3 Rac8 27. Bd2
Rxc1+ 28. Rxc1 Rxc1+ 29. Bxc1 Qe1+ 30. Kh2 Qxc1 31. e4 Qf4+ 32. Kh1 Nf6 33. e5
Nh5 34. g4 Qc1+ 35. Kh2 Qb2+ 36. Kg1 Nf4 0-1